After Berlin / (Record no. 34083)
[ view plain ]
| 000 -LEADER | |
|---|---|
| fixed length control field | 00590cam a2200241 a 4500 |
| 001 - CONTROL NUMBER | |
| control field | 5320242 |
| 003 - CONTROL NUMBER IDENTIFIER | |
| control field | OSt |
| 005 - DATE AND TIME OF LATEST TRANSACTION | |
| control field | 20170105113122.0 |
| 008 - FIXED-LENGTH DATA ELEMENTS--GENERAL INFORMATION | |
| fixed length control field | 050525s2005 enkc 000 f eng c |
| 020 ## - INTERNATIONAL STANDARD BOOK NUMBER | |
| International Standard Book Number | 0743220188 |
| 035 ## - SYSTEM CONTROL NUMBER | |
| System control number | (OCoLC)ocm60458161 |
| 035 ## - SYSTEM CONTROL NUMBER | |
| System control number | (NNC)5320242 |
| 040 ## - CATALOGING SOURCE | |
| Original cataloging agency | ZCU |
| Transcribing agency | ZCU |
| 042 ## - AUTHENTICATION CODE | |
| Authentication code | pcc |
| 050 #4 - LIBRARY OF CONGRESS CALL NUMBER | |
| Classification number | PR6103.O77 |
| Item number | A68 2005 |
| 100 1# - MAIN ENTRY--PERSONAL NAME | |
| Personal name | Corrick, Martin. |
| 245 10 - TITLE STATEMENT | |
| Title | After Berlin / |
| Statement of responsibility, etc. | Martin Corrick. |
| 260 ## - PUBLICATION, DISTRIBUTION, ETC. | |
| Place of publication, distribution, etc. | London : |
| Name of publisher, distributor, etc. | Simon & Schuster, |
| Date of publication, distribution, etc. | c2005. |
| 300 ## - PHYSICAL DESCRIPTION | |
| Extent | 260 p. : |
| Other physical details | por. ; |
| Dimensions | 24 cm. |
| 500 ## - GENERAL NOTE | |
| General note | A novel. |
| 942 ## - ADDED ENTRY ELEMENTS (KOHA) | |
| Source of classification or shelving scheme | |
| Koha item type | Book |
| Withdrawn status | Lost status | Source of classification or shelving scheme | Damaged status | Not for loan | Permanent Location | Current Location | Shelving location | Date acquired | Total Checkouts | Full call number | Barcode | Checked out | Date last seen | Date last checked out | Price effective from | Koha item type |
|---|---|---|---|---|---|---|---|---|---|---|---|---|---|---|---|---|
| School of Mechanical & Manufacturing Engineering (SMME) | School of Mechanical & Manufacturing Engineering (SMME) | Book Bank | 05/26/2016 | 1 | 823.92 | SMME-BB02 | 02/01/2026 | 01/02/2026 | 01/02/2026 | 05/26/2016 | Book |
